| 000 | 00891cam a22001934a 4500 | ||
|---|---|---|---|
| 005 | 20250605164358.0 | ||
| 008 | 250528s ||||||||||||||||||||||||d | ||
| 035 | _a24461 | ||
| 040 |
_aGR-AtMCL _bgre _dGR-AtMCL _eAACR2 |
||
| 245 | 1 | _aAdminers Never Stop / Meet Admine | |
| 260 | _c2018 | ||
| 300 | _a50 | ||
| 520 | _aΣτόχος μας η Δημιουργία Emotional Traction και Όχι Διαφήμισης, 22 Αληθινές Ιστορίες Βέλτιστου Customer Service, Ποικιλία και Ποιότητα και Τιμή Κρίνουν τη Μάχη στο Ράφι, Χωρίς Print Εκπροσώπηση Φέτος στις Κάννες, Το Growth Hacking Χτίζει Επιτυχημένα Brands. | ||
| 700 | 1 |
_aΚορδελάς Δημήτρης _99464 |
|
| 942 | _cCR | ||
| 710 | 2 |
_aThe Marketing Week _99825 |
|
| 999 |
_c9340 _d9340 |
||